| 000 | 00863nam a2200253Ia 4500 | ||
|---|---|---|---|
| 003 | OSt | ||
| 005 | 20221005112336.0 | ||
| 006 | a|||||r|||| 00| 0 | ||
| 007 | ta | ||
| 008 | 221004b |||||||| |||| 00| 0 pan d | ||
| 020 |
_a9789380918150 (hbk) _c200 |
||
| 024 | _a14916 | ||
| 037 |
_b894, 08/09/2014, H.K. Prakashan _cTextual |
||
| 040 |
_aCRL _cCRL _bpan |
||
| 041 |
_2pan _apan |
||
| 082 | _aV243z7, 153Q0 | ||
| 100 | _aਕੰਵਲ, ਜਸਵੰਤ ਸਿੰਘ | ||
| 245 | 0 | _aਕੌਮੀ ਵਸੀਅਤ | |
| 260 |
_aਸਮਾਣਾ _bਸੰਕਮ ਪਬਲੀਕੇFਨਗ਼ ਭਾਰਤ _c2010 |
||
| 300 |
_a239ਪੰ _ccm. |
||
| 650 | _aਭਾਰਤੀਯ ਇਤਿਹਾਸ | ||
| 942 |
_hV243z7, 153Q0 _cTEXL _2cc |
||
| 999 |
_c1024613 _d1024613 |
||